=LDR 00000nam 2200000 4500 =001 INLIS000000000045397 =005 20200209102804 =035 ##$$a 0010-011500000000223 =008 200209################g##########0#ind## =020 ##$$a 978-9790-29-1204-3 =082 ##$$a 004.678 =245 ##$$a show off your life style with twitter =260 ##$$a Yogyakarta :$b Andi,$c 2009 =850 ##$$aNBPNMAT =084 ##$$a 004.678 SHO =300 ##$$a v,138 hlm. : $b ilus. ; $c 21 X 14 cm. =990 ##$$a 0001/BPAP-NTB/20142015 =990 ##$$a 0001/BPAP-NTB/2015 =990 ##$$a 21008508 =990 ##$$a 0001/BPAP-NTB/2015